Canadá de Océano a Océano. (Record no. 39347)

MARC details
000 -LEADER
campo de control de longitud fija 00432nam a2200145 i 4500
001 - NÚMERO DE CONTROL
campo de control 39347
003 - IDENTIFICADOR DE NÚMERO DE CONTROL
campo de control ES-MaACL
005 - FECHA Y HORA DE LA ÚLTIMA TRANSACCIÓN
campo de control 20230906155944.0
007 - CAMPO FIJO DE DESCRIPCIÓN FÍSICA--INFORMACIÓN GENERAL
campo de control de longitud fija t|
008 - DATOS DE LONGITUD FIJA--INFORMACIÓN GENERAL
campo de control de longitud fija 030227s1950 xxc ||||1| spa d
245 00 - MENCIÓN DEL TÍTULO
Título Canadá de Océano a Océano.
260 ## - PUBLICACIÓN, DISTRIBUCIÓN, ETC.
Lugar de publicación, distribución, etc. Ottawa :
Nombre del editor, distribuidor, etc. Ministerio de Relaciones Exteriores,
Fecha de publicación, distribución, etc. [1950] (
Fabricante Edmond Cloutier)
300 ## - DESCRIPCIÓN FÍSICA
Extensión 127 p., 4 lám., 1 map. pleg. ;
Dimensiones 23 cm.
852 ## - LOCALIZACIÓN
Ubicación ES-MaACL
Número de control de estantería 1926-F-5
Sublocalización o colección R.31155
Holdings
Estatus retirado Estado de pérdida Estado de daño No para préstamo Colección Biblioteca de origen Biblioteca actual Ubicación en estantería Fecha de adquisición Fuente de adquisición Total de préstamos Signatura topográfica completa Código de barras Visto por última vez Precio de reemplazo Tipo de ítem Koha
        Colección de folletos Biblioteca del Ateneo de Madrid Biblioteca del Ateneo de Madrid Depósito folletos 17/01/2008     1926-F-5 1041439 23/02/2023 23/02/2023 Folleto